Willings Press Guide 1999 : United Kingdom /
La obra es un directorio sobre medios de comunicación que circulan tanto en Inglaterra como en el ámbito internacional. Consta de dos volúmenes. Este primer volumen aborda los medios en Inglaterra. La información está organizada en tres bloques: índice general de medios, descripción particular y org...
Guardat en:
| Format: | Llibre |
|---|---|
| Idioma: | anglès |
| Publicat: |
Londres, Inglaterra :
Hollis Directories,
1999, c1999
|
| Matèries: | |
| Etiquetes: |
Sense etiquetes, Sigues el primer a etiquetar aquest registre!
|
MARC
| LEADER | 00000nam^a2200000^a^4500 | ||
|---|---|---|---|
| 001 | 000155520 | ||
| 005 | 20250521000000.0 | ||
| 009 | 20260310100432.447 | ||
| 020 | |a 0-900967-77-3 | ||
| 020 | |a 0-900967-76-5 | ||
| 037 | |a Acervo ITESO - Biblioteca | ||
| 041 | |a ING | ||
| 082 | |a 302. 23025 |b WIL 1999 V. 1 | ||
| 240 | 1 | 1 | |a [Willings Press Guide] |
| 245 | 1 | 0 | |a Willings Press Guide 1999 : |b United Kingdom / |c Ed. de N. Hollis. |
| 264 | 4 | |a Londres, Inglaterra : |b Hollis Directories, |c 1999, c1999 | |
| 300 | |a 1354 p. | ||
| 336 | |a texto |b txt |2 rdacontenido | ||
| 337 | |a sin mediación |b n |2 rdamedio | ||
| 338 | |a volumen |b nc |2 rdasoporte | ||
| 520 | |a La obra es un directorio sobre medios de comunicación que circulan tanto en Inglaterra como en el ámbito internacional. Consta de dos volúmenes. Este primer volumen aborda los medios en Inglaterra. La información está organizada en tres bloques: índice general de medios, descripción particular y organizaciones relacionadas con los mismos. | ||
| 649 | |a XX | ||
| 650 | |a Periódicos - |z Inglaterra - |x Directorios | ||
| 650 | |a Revistas - |z Inglaterra - |x Directorios | ||
| 650 | |a Radio - |z Inglaterra - |x Directorios | ||
| 650 | |a Televisión - |z Inglaterra - |x Directorios | ||
| 650 | |a Géneros Periodísticos - |z Inglaterra - |x Directorios | ||
| 650 | |a Publicaciones Períodicas - |z Inglaterra - |x Directorios | ||
| 650 | |a Géneros Radiofónicos - |z Inglaterra - |x Directorios | ||
| 650 | |a Géneros Televisivos - |z Inglaterra - |x Directorios | ||
| 650 | |a Medios Impresos - |z Inglaterra - |x Directorios | ||
| 650 | |a Medios Audiovisuales - |z Inglaterra - |x Directorios | ||
| 650 | |a Comunicación Visual - |z Inglaterra - |x Directorios | ||
| 650 | |a Medios de Comunicación - |z Inglaterra - |x Directorios | ||
| 650 | |a Comunicación - |z Inglaterra - |x Directorios | ||
| 650 | |a Directorios | ||
| 910 | |a Fondo General | ||
| 920 | |a Impresos - Libros | ||
| 930 | |a Obras de Referencia | ||
| 905 | |a 102 | ||
| 901 | |a 0500084572 |b IT2 |c REF |u 20250521 | ||
| 902 | |a https://opac.biblio.iteso.mx/vufind/Record/000155520 | ||